000 00617cam a22002171 4500
001 sa 65010233
003 DLC
005 20260227112207.0
008 861215s1964 ii 000 0 eng
010 _asa 65010233
025 _aPL480:I-E-3932
035 _a(OCoLC)14970868
040 _aDLC
_cWaU
_dDLC
042 _apremarc
050 0 0 _aHD7287.7.I4
_bA55
110 1 _aIndia (Republic).
_bWorking Group on Housing Cooperatives.
245 0 0 _aReport.
260 _a[New Delhi]
_bMinistry of Works, Housing and Rehabilitation,
_c1964.
300 _aii, 56 p.
_c24 cm.
650 0 _aHousing, Cooperative
_zIndia.
999 _c66641
_d66641